Инстинкт как функциональная система, обеспечивающая психо-нейро-вегетативное единство человека; Вестник науки Сибири; № 15 : Спецвыпуск
| Parent link: | Вестник науки Сибири: электронный научный журнал/ Томский политехнический университет (ТПУ).— , 2011-.— 2226-0064 № 15 : Спецвыпуск.— 2015.— [С. 377-384] |
|---|---|
| Autor Principal: | |
| Summary: | Заглавие с титульного листа Рассматривается концепция инстинкта в рамках целостного под хода к организации и функционированию организма и его психики, его деятельности и развития. Инстинкт как концепт позволяет объединить представления физиологов (потребности, рефлекторная регуляция), этологов (комплексы фиксированных действий) и зоопсихологов (когнитивная карта), психиатров (расстройства влечений) и психологов (интенции, драйвы, мотивации, деятельность, ценности). Предлагается вернуться к идее единства тела-души-духа, доминировавшей в донаучный период изучения человека через соединение концепции инстинкта, функциональной системы и психического образа-отношения в виде психонейро-вегетативно-эндокринно-иммунобио-энергетического единства. |
| Idioma: | ruso |
| Publicado: |
2015
|
| Series: | Медицинские технологии |
| Subjects: | |
| Acceso en liña: | http://earchive.tpu.ru/handle/11683/16857 |
| Formato: | MixedMaterials Electrónico Capítulo de libro |
| KOHA link: | https://koha.lib.tpu.ru/cgi-bin/koha/opac-detail.pl?biblionumber=542919 |
MARC
| LEADER | 00000naa2a2200000 4500 | ||
|---|---|---|---|
| 001 | 542919 | ||
| 005 | 20231101115127.0 | ||
| 035 | |a (RuTPU)RU\TPU\prd\233454 | ||
| 035 | |a RU\TPU\prd\233443 | ||
| 090 | |a 542919 | ||
| 100 | |a 20150318d2015 k y0rusy50 ca | ||
| 101 | 0 | |a rus | |
| 102 | |a RU | ||
| 135 | |a drcn ---uucaa | ||
| 181 | 0 | |a i | |
| 182 | 0 | |a b | |
| 200 | 1 | |a Инстинкт как функциональная система, обеспечивающая психо-нейро-вегетативное единство человека |f Е. С. Гольдшмидт | |
| 203 | |a Текст |c электронный | ||
| 215 | |a 1 файл (785 Кб) | ||
| 225 | 1 | |a Медицинские технологии | |
| 230 | |a Электронные текстовые данные (1 файл : 785 Кб) | ||
| 300 | |a Заглавие с титульного листа | ||
| 320 | |a [Библиогр.: с. 383-384 (36 назв.)] | ||
| 330 | |a Рассматривается концепция инстинкта в рамках целостного под хода к организации и функционированию организма и его психики, его деятельности и развития. Инстинкт как концепт позволяет объединить представления физиологов (потребности, рефлекторная регуляция), этологов (комплексы фиксированных действий) и зоопсихологов (когнитивная карта), психиатров (расстройства влечений) и психологов (интенции, драйвы, мотивации, деятельность, ценности). Предлагается вернуться к идее единства тела-души-духа, доминировавшей в донаучный период изучения человека через соединение концепции инстинкта, функциональной системы и психического образа-отношения в виде психонейро-вегетативно-эндокринно-иммунобио-энергетического единства. | ||
| 337 | |a Adobe Reader | ||
| 461 | 1 | |0 (RuTPU)RU\TPU\prd\143680 |x 2226-0064 |t Вестник науки Сибири |o электронный научный журнал |f Томский политехнический университет (ТПУ) |d 2011- | |
| 463 | 1 | |0 (RuTPU)RU\TPU\prd\233197 |t № 15 : Спецвыпуск |v [С. 377-384] |d 2015 | |
| 610 | 1 | |a труды учёных ТПУ | |
| 610 | 1 | |a электронный ресурс | |
| 610 | 1 | |a функциональные системы | |
| 610 | 1 | |a организм человека | |
| 610 | 1 | |a психика | |
| 610 | 1 | |a иммуногенетика | |
| 610 | 1 | |a инстинкты | |
| 700 | 1 | |a Гольдшмидт |b Е. С. |g Евгений Семенович | |
| 801 | 1 | |a RU |b 63413507 |c 20090623 |g PSBO | |
| 801 | 2 | |a RU |b 63413507 |c 20180110 |g PSBO | |
| 856 | 4 | |u http://earchive.tpu.ru/handle/11683/16857 | |
| 942 | |c BK | ||